000 02479nam a22003977a 4500
003 KnowledgeUnlatched
005 20210303105916.0
006 m o d
007 cr u||||||||||
008 210129p20192021xx o u00| u eng d
037 _5BiblioBoard
245 0 0 _aCultures of Anti-Racism in Latin America and the Caribbean
_cPeter Wade, James Scorer, Ignacio Aguiló.
020 _a9781908857729
024 8 _ahttps://doi.org/10.14296/919.9781908857729
029 1 _ahttps://library.biblioboard.com/ext/api/media/f0874ee1-b101-4597-84a2-ecad846819d8/assets/thumbnail.jpg
040 _aScCtBLL
_cScCtBLL
506 0 _aAccess copy available to the general public.
_fUnrestricted
_2star
700 1 _aWade, Peter
_eeditor.
700 1 _aScorer, James
_eeditor.
700 1 _aAguiló, Ignacio
_eeditor.
264 1 _bUniversity of London Press,
300 _a1 online resource (1 p.)
520 _aLatin America's long history of showing how racism can co-exist with racial mixture and conviviality offers useful ammunition for strengthening anti-racist stances. This volume asks whether cultural production has a particular role to play within discourses and practices of anti-racism in Latin America and the Caribbean. The contributors analyse music, performance, education, language, film and art in diverse national contexts across the region. The book also places Latin American and Caribbean racial formations within a broader global context. It shows that the region provides valuable opportunities for thinking about anti-racism, not least when recent political events worldwide have shown that, far from a 'post-racial' age, we are living in an era of intensified racist expression and racial injustice.
588 0 _aDescription based on print version record.
590 _aKU Select 2020: HSS Backlist Books
650 7 _aTechnology & Engineering / Agriculture
_2bisacsh
650 7 _aHistory / Latin America
_2bisacsh
650 7 _aHistory / Caribbean & West Indies
_2bisacsh
650 0 _aHistory
655 0 _aElectronic books.
758 _iIs found in:
_aKnowledge Unlatched
_1https://openresearchlibrary.org/module/2774bc74-146a-484f-a7ba-ab1d6a09bbfb
856 4 0 _uhttps://openresearchlibrary.org/content/f0874ee1-b101-4597-84a2-ecad846819d8
_zView this content on Open Research Library.
_70
999 _c32299
_d32299